| 000 | 01205nam a22002417a 4500 | ||
|---|---|---|---|
| 999 |
_c60130 _d60130 |
||
| 003 | Ge_BSU | ||
| 005 | 20230612112419.0 | ||
| 008 | 230612s2009 ge ||||| |||| 00| 0 geo d | ||
| 020 | _a9789941019432 | ||
| 041 | _ageo | ||
| 080 | _a929.52(479.22) ო-39 | ||
| 100 |
_aოთხმეზური, გიორგი _95459 |
||
| 245 |
_aქართული ფეოდალური საგვარეულოების ისტორიიდან : _bამირეჯიბი / _cგიორგი ოთხმეზური ; [რედ. დ. კლდიაშვილი]. |
||
| 264 |
_aთბილისი, _c2009. |
||
| 300 |
_a67გვ. : _bტაბ. ; _c28სმ. |
||
| 500 | _aტექსტოლ. შენიშვნ.: გვ. 60-62. | ||
| 504 | _aბიბლიოგრ. ტექსტ. შენიშვნ. | ||
| 653 | _aამირეჯიბები | ||
| 653 | _aქართული გვარების ისტორია | ||
| 653 | _aქართული ფეოდალური საგვარეულოები | ||
| 700 |
_aკლდიაშვილი, დ. _eრედაქტორი _918627 |
||
| 942 |
_2udc _cBK |
||